Counties of South Dakota Map Quiz - Statistics

General Stats
  • This quiz has been taken 71 times
  • The average score is 42 of 66
Answers on the Map
Answers color-coded by a green-red scale on the quiz's map according to % correct below.
 
Answer Stats
Answer % Correct
Charles Mix
94%
Yankton
94%
Pennington
89%
Clay
83%
Lincoln
83%
Minnehaha
83%
Moody
83%
Union
83%
Bon Homme
78%
Brookings
78%
Meade
78%
Clark
72%
Day
72%
Grant
72%
Lawrence
72%
Lyman
72%
Turner
72%
Aurora
67%
Codington
67%
Custer
67%
Deuel
67%
Fall River
67%
Hamlin
67%
Hughes
67%
Hutchinson
67%
Lake
67%
Roberts
67%
Stanley
67%
Ziebach
67%
Beadle
61%
Douglas
61%
Jackson
61%
Jones
61%
Oglala Lakota
61%
Todd
61%
Bennett
56%
Brown
56%
Brule
56%
Butte
56%
Corson
56%
Davison
56%
Dewey
56%
Faulk
56%
Haakon
56%
Hand
56%
Hanson
56%
Harding
56%
Kingsbury
56%
Marshall
56%
Miner
56%
Potter
56%
Sanborn
56%
Spink
56%
Sully
56%
Tripp
56%
Buffalo
50%
Edmunds
50%
Hyde
50%
McCook
50%
McPherson
50%
Mellette
50%
Perkins
50%
Campbell
44%
Gregory
44%
Jerauld
44%
Walworth
39%
No matching quizzes found
Score Distribution
Percent of People with Each Score
Percentile by Number Answered
Your Score History
You have not taken this quiz